[Event "30. Torneo San Viator 2018"]
[Site "Madrid ESP"]
[Date "2018.04.08"]
[Round "1.22"]
[White "Conchillo Roman, Jose Ignacio"]
[Black "Rosa Ramirez, Victor D"]
[Result "0-1"]
[WhiteElo "1553"]
[BlackElo "1884"]
[PlyCount "56"]
[EventDate "2018.04.08"]
[EventType "swiss"]
[EventRounds "9"]
[EventCountry "ESP"]
[SourceTitle "Ajedrez en Madrid"]
[Source "lmi"]
[SourceDate "2018.04.08"]

1. e4 e6 2. d4 d5 3. e5 c5 4. c3 Qb6 5. Nf3 Nc6 6. Bd3 Bd7 7. O-O Nge7 8. dxc5
Qxc5 9. Be3 Qa5 10. Qe2 Ng6 11. Bxg6 hxg6 12. Nbd2 Be7 13. c4 Rd8 14. Rfd1 Qc7
15. cxd5 Nxe5 16. dxe6 Bxe6 17. Qb5+ Nc6 18. Ne4 O-O 19. h3 a6 20. Qe2 Rxd1+
21. Qxd1 Rd8 22. Qe2 Bf5 23. Qc4 b5 24. Qc2 Qd7 25. Nfd2 Nd4 26. Bxd4 Qxd4 27.
Re1 Bb4 28. Qc6 Bxd2 0-1

[Event "30. Torneo San Viator 2018"]
[Site "Madrid ESP"]
[Date "2018.04.08"]
[Round "1.23"]
[White "Padin Lazaro, Jose Manuel"]
[Black "Alvarez Cerbero, Julio Enrique"]
[Result "1-0"]
[WhiteElo "1870"]
[BlackElo "1501"]
[PlyCount "40"]
[EventDate "2018.04.08"]
[EventType "swiss"]
[EventRounds "9"]
[EventCountry "ESP"]
[SourceTitle "Ajedrez en Madrid"]
[Source "lmi"]
[SourceDate "2018.04.08"]

1. e4 g6 2. d4 Bg7 3. Nc3 d6 4. Be3 a6 5. Nf3 b5 6. a3 Nd7 7. Qd2 Bb7 8. Bd3 c5
9. b3 Qc7 10. Rb1 Ngf6 11. O-O b4 12. axb4 cxb4 13. Ne2 a5 14. Ng3 h5 15. Bg5
e5 16. dxe5 dxe5 17. Bb5 Ba6 18. Bxa6 Rxa6 19. Rfd1 Nc5 20. Nxe5 Qxe5 1-0

[Event "30. Torneo San Viator 2018"]
[Site "Madrid ESP"]
[Date "2018.04.08"]
[Round "1.24"]
[White "Chauca Pinedo, Daniel Jesus"]
[Black "Recuenco Andres, Javier"]
[Result "0-1"]
[WhiteElo "1385"]
[BlackElo "1869"]
[PlyCount "100"]
[EventDate "2018.04.08"]
[EventType "swiss"]
[EventRounds "9"]
[EventCountry "ESP"]
[SourceTitle "Ajedrez en Madrid"]
[Source "lmi"]
[SourceDate "2018.04.08"]

1. d4 d6 2. c4 e5 3. d5 f5 4. Nc3 Nf6 5. Nf3 Be7 6. Ng5 h6 7. Ne6 Bxe6 8. dxe6
c6 9. Qc2 g6 10. g4 e4 11. gxf5 gxf5 12. Bh3 Qa5 13. Bd2 Qe5 14. Qb3 b6 15.
O-O-O Qxe6 16. e3 Ng4 17. Rdf1 Kd7 18. f3 exf3 19. Rxf3 Na6 20. e4 Nc5 21. Qc2
fxe4 22. Re1 d5 23. cxd5 cxd5 24. b4 Nb7 25. Qa4+ Kd8 26. Qb3 Rc8 27. Kb1 Rc4
28. Bxg4 Qxg4 29. Nxd5 exf3 30. Nxe7 f2 31. Qd3+ Rd4 32. Nc6+ Kc8 33. Nxd4
fxe1=Q+ 34. Bxe1 Re8 35. Qc4+ Nc5 36. bxc5 Rxe1+ 37. Kb2 Qg2+ 38. Ka3 Re3+ 39.
Nb3 Qc6 40. Qg8+ Kb7 41. Qg7+ Ka6 42. cxb6 axb6 43. Qg4 Qc5+ 44. Kb2 Qe5+ 45.
Ka3 Qe7+ 46. Kb2 Re2+ 47. Kc3 Qe3+ 48. Kb4 Qe4+ 49. Qxe4 Rxe4+ 50. Kc3 Re2 0-1

[Event "30. Torneo San Viator 2018"]
[Site "Madrid ESP"]
[Date "2018.04.15"]
[Round "2.1"]
[White "Unciti Juan, Javier"]
[Black "Ortega Ruiz, Jose Miguel"]
[Result "0-1"]
[WhiteElo "1970"]
[BlackElo "2303"]
[PlyCount "111"]
[EventDate "2018.04.08"]
[EventType "swiss"]
[EventRounds "9"]
[EventCountry "ESP"]
[SourceTitle "Ajedrez en Madrid"]
[Source "lmi"]
[SourceDate "2018.04.08"]

1. e4 e5 2. Nf3 Nc6 3. d4 exd4 4. Nxd4 Nf6 5. Nxc6 bxc6 6. e5 Qe7 7. Qe2 Nd5 8.
c4 Ba6 9. g3 g6 10. Bg2 Bg7 11. O-O O-O 12. Re1 Rfe8 13. Qc2 Nb6 14. Nd2 Qc5
15. b4 Qxb4 16. c5 Nd5 17. Bb2 Rab8 18. Rab1 Qg4 19. a3 Re7 20. Re4 Qf5 21. Nf3
Ree8 22. h4 Qe6 23. Ra4 Bc8 24. Rxa7 Bf8 25. Ng5 Qe7 26. Bxd5 cxd5 27. Rxc7 h6
28. Nf3 Qe6 29. Bd4 Rxb1+ 30. Qxb1 Ba6 31. Kg2 Be2 32. Rb7 Qg4 33. Ng1 Ba6 34.
Rb4 Bc4 35. Nf3 Ra8 36. a4 Kh7 37. Qb2 Qe4 38. Qd2 Be7 39. Qf4 Qxf4 40. gxf4
Ba6 41. Kg3 Bd8 42. Nd2 g5 43. hxg5 hxg5 44. fxg5 Bxg5 45. f4 Bd8 46. Rb2 Bd3
47. Rb3 Bf5 48. Ra3 Ba5 49. Nf3 Bb4 50. Ra2 Rg8+ 51. Ng5+ Kg6 52. Rb2 Be1+ 53.
Kf3 Ba5 54. Rb5 Ra8 55. Rb2 Be1 56. Rg2 0-1

[Event "30. Torneo San Viator 2018"]
[Site "Madrid ESP"]
[Date "2018.04.15"]
[Round "2.2"]
[White "Renteria, Jorge"]
[Black "Camarero Izquierdo, Juan Carlos"]
[Result "1-0"]
[WhiteElo "2276"]
[BlackElo "1946"]
[PlyCount "69"]
[EventDate "2018.04.08"]
[EventType "swiss"]
[EventRounds "9"]
[EventCountry "ESP"]
[SourceTitle "Ajedrez en Madrid"]
[Source "lmi"]
[SourceDate "2018.04.08"]

1. e4 c5 2. Nf3 d6 3. d4 cxd4 4. Nxd4 Nf6 5. Nc3 a6 6. Bg5 e6 7. f4 Nbd7 8. Qe2
Qc7 9. O-O-O b5 10. a3 Bb7 11. g4 h6 12. Bh4 b4 13. axb4 d5 14. Bxf6 Nxf6 15.
exd5 Bxb4 16. Bg2 Bxc3 17. bxc3 Qxf4+ 18. Kb2 Bxd5 19. Rhf1 Qb8+ 20. Kc1 Bxg2
21. Qxg2 O-O 22. g5 hxg5 23. Qxg5 Ne4 24. Qh4 Nxc3 25. Rg1 g6 26. Qh6 Qe8 27.
Rd3 Qe7 28. Rxc3 Qf6 29. Rcg3 Rfb8 30. Rxg6+ fxg6 31. Rxg6+ Qxg6 32. Qxg6+ Kh8
33. Qf6+ Kh7 34. Nxe6 Rf8 35. Ng5+ 1-0

[Event "30. Torneo San Viator 2018"]
[Site "Madrid ESP"]
[Date "2018.04.15"]
[Round "2.3"]
[White "Gil Sierra, Jacinto"]
[Black "Longa Yauca, Javier"]
[Result "0-1"]
[WhiteElo "1897"]
[BlackElo "2250"]
[PlyCount "82"]
[EventDate "2018.04.08"]
[EventType "swiss"]
[EventRounds "9"]
[EventCountry "ESP"]
[SourceTitle "Ajedrez en Madrid"]
[Source "lmi"]
[SourceDate "2018.04.08"]

1. e4 c5 2. Nf3 Nc6 3. d4 cxd4 4. Nxd4 Nf6 5. Nc3 d6 6. Bc4 e6 7. Be3 Be7 8.
Qe2 O-O 9. Bb3 Na5 10. O-O-O Bd7 11. g4 Nxb3+ 12. axb3 Qa5 13. Kb1 Bc6 14. Nxc6
bxc6 15. g5 Nd7 16. h4 Rfc8 17. h5 Nf8 18. f4 Rab8 19. Qg4 c5 20. f5 c4 21.
fxe6 cxb3 22. exf7+ Kh8 23. cxb3 Rxc3 24. Bd4 Rbxb3 25. Rh2 Rd3 26. h6 Rxd4 27.
hxg7+ Kxg7 28. Rxd4 Qe5 29. Rhd2 Rg3 30. Qf5 Rxg5 31. Qxe5+ Rxe5 32. Ra4 Kxf7
33. Rxa7 Ke6 34. Re2 Nd7 35. b4 Rb5 36. Rb2 Bf6 37. Rb3 Nc5 38. Rh3 Rxb4+ 39.
Kc2 Rxe4 40. Raxh7 Kd5 41. Rd3+ Nxd3 0-1

[Event "30. Torneo San Viator 2018"]
[Site "Madrid ESP"]
[Date "2018.04.15"]
[Round "2.4"]
[White "Martinez Fernandez, Raul"]
[Black "Torres Samper, Rafael"]
[Result "1-0"]
[WhiteElo "2176"]
[BlackElo "1920"]
[PlyCount "53"]
[EventDate "2018.04.08"]
[EventType "swiss"]
[EventRounds "9"]
[EventCountry "ESP"]
[SourceTitle "Ajedrez en Madrid"]
[Source "lmi"]
[SourceDate "2018.04.08"]

1. e4 c5 2. Nf3 d6 3. Bb5+ Bd7 4. Bxd7+ Qxd7 5. O-O Nc6 6. c3 Nf6 7. Qe2 e6 8.
d4 d5 9. e5 Ng8 10. Be3 c4 11. b3 Na5 12. Nbd2 Rc8 13. bxc4 Nxc4 14. Nxc4 Rxc4
15. Qb2 Ne7 16. Rfb1 b6 17. Nd2 Ra4 18. Qb3 Nf5 19. c4 Ra3 20. Qc2 Be7 21. c5
bxc5 22. Rb8+ Bd8 23. Qxc5 Nxe3 24. Qxa3 Nc2 25. Rxd8+ Kxd8 26. Qa5+ Ke8 27.
Rb1 1-0

[Event "30. Torneo San Viator 2018"]
[Site "Madrid ESP"]
[Date "2018.04.15"]
[Round "2.5"]
[White "Rodriguez Melendez, Juan Humbert"]
[Black "Campos Tores, Jose Luis"]
[Result "1-0"]
[WhiteElo "2174"]
[BlackElo "1894"]
[PlyCount "77"]
[EventDate "2018.04.08"]
[EventType "swiss"]
[EventRounds "9"]
[EventCountry "ESP"]
[SourceTitle "Ajedrez en Madrid"]
[Source "lmi"]
[SourceDate "2018.04.08"]

1. d4 Nf6 2. Nf3 g6 3. Bf4 Bg7 4. e3 d6 5. Be2 c5 6. O-O cxd4 7. exd4 O-O 8. c3
Qb6 9. Nbd2 Nbd7 10. a4 Nd5 11. Nc4 Qc7 12. Bg3 N7f6 13. Re1 Nh5 14. Bh4 Nhf4
15. Bf1 h6 16. Qd2 Bg4 17. Bxe7 Nxg2 18. Bxd6 Nxe1 19. Nxe1 Qd8 20. Bg2 Be6 21.
Bxf8 Bxf8 22. Ne5 g5 23. N1d3 f6 24. Nc4 Rc8 25. Ne3 b6 26. Qe2 Qd7 27. Qf3
Nxe3 28. fxe3 Kg7 29. e4 Bc4 30. Nf2 Bf7 31. Ng4 Be7 32. Rf1 Qd8 33. e5 f5 34.
Qxf5 Bg6 35. Qe6 h5 36. Be4 Qe8 37. Bxg6 Qxg6 38. Qxc8 hxg4 39. Qd7 1-0

[Event "30. Torneo San Viator 2018"]
[Site "Madrid ESP"]
[Date "2018.04.15"]
[Round "2.6"]
[White "Rosa Ramirez, Victor D"]
[Black "Garcia Dorado, Alberto"]
[Result "0-1"]
[WhiteElo "1884"]
[BlackElo "2151"]
[PlyCount "66"]
[EventDate "2018.04.08"]
[EventType "swiss"]
[EventRounds "9"]
[EventCountry "ESP"]
[SourceTitle "Ajedrez en Madrid"]
[Source "lmi"]
[SourceDate "2018.04.08"]

1. e4 e6 2. d4 d5 3. e5 c5 4. c3 Qb6 5. Nf3 Nc6 6. a3 c4 7. Nbd2 Na5 8. Rb1 Bd7
9. Be2 Qc7 10. O-O h6 11. Qe1 Ne7 12. b4 cxb3 13. Nxb3 Nxb3 14. Rxb3 Nc6 15.
Rb1 Na5 16. Qd2 Rc8 17. Bb2 Be7 18. g4 Nc4 19. Bxc4 dxc4 20. Qe3 Bc6 21. Nd2
Qd7 22. Ne4 h5 23. h3 hxg4 24. hxg4 f5 25. exf6 gxf6 26. f3 Kf7 27. Kg2 f5 28.
Nf2 Rcg8 29. Rh1 fxg4 30. Qf4+ Ke8 31. Nxg4 Rxh1 32. Rxh1 e5 33. Rh8 Rxh8 0-1

[Event "30. Torneo San Viator 2018"]
[Site "Madrid ESP"]
[Date "2018.04.15"]
[Round "2.7"]
[White "Recuenco Andres, Javier"]
[Black "Perdomo Araujo, Angel Eduardo"]
[Result "0-1"]
[WhiteElo "1869"]
[BlackElo "2084"]
[PlyCount "154"]
[EventDate "2018.04.08"]
[EventType "swiss"]
[EventRounds "9"]
[EventCountry "ESP"]
[SourceTitle "Ajedrez en Madrid"]
[Source "lmi"]
[SourceDate "2018.04.08"]

1. d4 Nf6 2. c4 g6 3. g3 Bg7 4. Bg2 d5 5. cxd5 Nxd5 6. e4 Nb6 7. Ne2 O-O 8. O-O
Nc6 9. d5 Ne5 10. Nbc3 c6 11. f4 Ng4 12. h3 Nf6 13. dxc6 bxc6 14. Qc2 Nc4 15.
Rd1 Qb6+ 16. Kh2 Ba6 17. Na4 Qf2 18. Nd4 Ng4+ 19. hxg4 Bxd4 20. Qxf2 Bxf2 21.
b3 Nb6 22. Ba3 Nxa4 23. bxa4 c5 24. Rd2 Be3 25. Rc2 Bd3 26. Rxc5 Bxc5 27. Bxc5
Rac8 28. Bxa7 Rc2 29. Kh3 Ra8 30. Bb6 Rxa4 31. a3 Bxe4 32. Bxe4 Rxe4 33. a4
Ree2 34. Rh1 h6 35. a5 Ra2 36. Bd8 g5 37. Bc7 f6 38. f5 Kf7 39. Bb6 Rec2 40.
Bd8 Ke8 41. Bb6 Kd7 42. Rd1+ Kc6 43. Rh1 Kb7 44. Bd8 Re2 45. Bb6 Ka6 46. Bd8
Kb7 47. Bb6 Kc6 48. Bd8 Kd7 49. Bb6 Rec2 50. Rd1+ Kc6 51. Rh1 Kb5 52. Bd8 Re2
53. Bb6 Kc4 54. Rc1+ Kd3 55. Rd1+ Ke4 56. Rh1 Red2 57. Re1+ Kd3 58. Rh1 Re2 59.
Rd1+ Kc4 60. Rh1 Kc3 61. Rc1+ Kd3 62. Rd1+ Ke4 63. Rh1 Kd5 64. Rd1+ Kc6 65.
Rc1+ Kd7 66. Rd1+ Ke8 67. Rh1 Kf7 68. Bd8 e6 69. fxe6+ Kxe6 70. Bb6 Kf7 71. Bd8
Kg6 72. Bxf6 Kxf6 73. a6 h5 74. gxh5 Rxa6 75. Kg4 Ra4+ 76. Kf3 Re7 77. g4 Rf4+
0-1

[Event "30. Torneo San Viator 2018"]
[Site "Madrid ESP"]
[Date "2018.04.15"]
[Round "2.8"]
[White "Perez Calahorra, Ricardo"]
[Black "Padin Lazaro, Jose Manuel"]
[Result "1-0"]
[WhiteElo "2064"]
[BlackElo "1870"]
[PlyCount "93"]
[EventDate "2018.04.08"]
[EventType "swiss"]
[EventRounds "9"]
[EventCountry "ESP"]
[SourceTitle "Ajedrez en Madrid"]
[Source "lmi"]
[SourceDate "2018.04.08"]

1. e4 e6 2. d4 d5 3. exd5 exd5 4. c4 Nf6 5. Nc3 c6 6. Nf3 Bg4 7. Be2 Bd6 8. O-O
O-O 9. Bg5 dxc4 10. Bxc4 Nbd7 11. h3 Bh5 12. g4 Bg6 13. Nh4 Qc7 14. Nxg6 hxg6
15. Qd3 Nb6 16. Bb3 Nfd5 17. Ne4 Be7 18. f4 Bxg5 19. Nxg5 Nxf4 20. Rxf4 Qxf4
21. Qxg6 Qg3+ 22. Kh1 Qh4 23. Bxf7+ Rxf7 24. Qxf7+ Kh8 25. Qf5 Nd5 26. Rf1 Nf6
27. Kg2 Re8 28. Nf7+ Kg8 29. Ne5 Qh7 30. Qxh7+ Nxh7 31. Kg3 Nf6 32. g5 Ne4+ 33.
Kf4 c5 34. Re1 Nd2 35. d5 Nc4 36. Kf5 Nd6+ 37. Kg6 Nc4 38. Nd3 Rxe1 39. Nxe1
Nd6 40. Nd3 c4 41. Nc5 b5 42. Na6 Kf8 43. h4 Nf7 44. a3 Ne5+ 45. Kf5 Nd3 46. d6
Ke8 47. h5 1-0

[Event "30. Torneo San Viator 2018"]
[Site "Madrid ESP"]
[Date "2018.04.15"]
[Round "2.9"]
[White "Iriarte Diez, Enrique"]
[Black "Cervino Rossel, Cristobal"]
[Result "0-1"]
[WhiteElo "1833"]
[BlackElo "2063"]
[PlyCount "94"]
[EventDate "2018.04.08"]
[EventType "swiss"]
[EventRounds "9"]
[EventCountry "ESP"]
[SourceTitle "Ajedrez en Madrid"]
[Source "lmi"]
[SourceDate "2018.04.08"]

1. Nf3 Nf6 2. g3 b6 3. Bg2 Bb7 4. d3 g6 5. O-O Bg7 6. e4 d6 7. c3 O-O 8. Re1
Nbd7 9. Qc2 c5 10. c4 Qc7 11. Nc3 a6 12. Nd5 Qd8 13. Bh3 e6 14. Nc3 h6 15. Qe2
Ne8 16. Nh4 Nc7 17. a4 Bc6 18. f4 Re8 19. Be3 b5 20. Qd2 d5 21. exd5 exd5 22.
axb5 axb5 23. Rxa8 Bxa8 24. Nxb5 Nxb5 25. cxb5 d4 26. Bf2 Nf6 27. b4 Rxe1+ 28.
Qxe1 g5 29. fxg5 hxg5 30. Nf5 g4 31. Bg2 Bxg2 32. bxc5 Bd5 33. Bxd4 Be6 34. Nd6
Ne8 35. Be5 Nxd6 36. Bxg7 Nxb5 37. Qe5 Qxd3 38. Bf6 Qd1+ 39. Kf2 Qf3+ 40. Kg1
Qf5 41. Qb2 Bd5 42. Bh8 Qg5 43. Qxb5 Qe3+ 44. Kf1 Qf3+ 45. Ke1 Kxh8 46. Qb8+
Kh7 47. Qa7 Qh1+ 0-1

[Event "30. Torneo San Viator 2018"]
[Site "Madrid ESP"]
[Date "2018.04.15"]
[Round "2.10"]
[White "Vaquerizo Calvo, Miguel Arturo"]
[Black "Cano Mercado, Francisco Manuel"]
[Result "1-0"]
[WhiteElo "2035"]
[BlackElo "1824"]
[PlyCount "139"]
[EventDate "2018.04.08"]
[EventType "swiss"]
[EventRounds "9"]
[EventCountry "ESP"]
[SourceTitle "Ajedrez en Madrid"]
[Source "lmi"]
[SourceDate "2018.04.08"]

1. e4 e6 2. Nf3 d5 3. Nc3 dxe4 4. Nxe4 Nf6 5. Nxf6+ Qxf6 6. d4 Bd6 7. Bg5 Qf5
8. Qd2 Nc6 9. Bd3 Qa5 10. Qxa5 Nxa5 11. O-O-O O-O 12. Bd2 Nc6 13. Bc3 Bd7 14.
Ne5 Be8 15. Be4 Rb8 16. Nxc6 Bxc6 17. Bxc6 bxc6 18. g3 Rfd8 19. f4 Rb5 20. Rhe1
a5 21. a4 Rh5 22. Re2 h6 23. Rd3 Rb8 24. Be1 c5 25. dxc5 Rxc5 26. Rc3 Rd5 27.
Rc4 Rd8 28. Rd2 c5 29. Re4 Rb8 30. Rd3 Ra8 31. Rb3 Rd8 32. Kb1 Bc7 33. Rb5 Rd1+
34. Ka2 R1d4 35. Rxd4 Rxd4 36. Rxc5 Rxa4+ 37. Kb3 Ra1 38. Rxc7 Rxe1 39. Rc8+
Kh7 40. Ra8 e5 41. fxe5 Rxe5 42. Ra6 h5 43. c4 g5 44. Rf6 Kg7 45. Rf2 Kg6 46.
Rc2 Rc5 47. Kc3 f5 48. Kd4 Rc8 49. c5 h4 50. c6 hxg3 51. hxg3 Kf6 52. c7 Ke6
53. Rc5 a4 54. Kc4 f4 55. gxf4 gxf4 56. Kb5 f3 57. Kb6 f2 58. Rc1 Rf8 59. Kb7
Ke5 60. Rf1 Kd4 61. Rxf2 Rxf2 62. c8=Q Rxb2+ 63. Ka6 a3 64. Ka5 Kd3 65. Qc1 Rb3
66. Ka4 Rc3 67. Qb1+ Kd2 68. Kb4 Rd3 69. Kc4 Re3 70. Kd4 1-0

[Event "30. Torneo San Viator 2018"]
[Site "Madrid ESP"]
[Date "2018.04.15"]
[Round "2.11"]
[White "Julian Serra, Rogelio"]
[Black "Montes De Santiago, Fernando"]
[Result "0-1"]
[WhiteElo "2002"]
[BlackElo "1763"]
[PlyCount "72"]
[EventDate "2018.04.08"]
[EventType "swiss"]
[EventRounds "9"]
[EventCountry "ESP"]
[SourceTitle "Ajedrez en Madrid"]
[Source "lmi"]
[SourceDate "2018.04.08"]

1. c4 g6 2. g3 Bg7 3. Bg2 e5 4. Nc3 Nc6 5. d3 f5 6. Nf3 h6 7. e4 d6 8. exf5
Bxf5 9. Nh4 Nge7 10. Nxf5 Nxf5 11. Qg4 Nfe7 12. Be4 O-O 13. Be3 Qc8 14. Qxc8
Raxc8 15. g4 Nd4 16. O-O Nc2 17. Rac1 Nxe3 18. fxe3 c6 19. b4 Bf6 20. Kf2 Bh4+
21. Ke2 Kg7 22. Rxf8 Rxf8 23. b5 Bg5 24. Bf3 Rd8 25. bxc6 bxc6 26. Rb1 Rd7 27.
a4 d5 28. a5 Bf6 29. a6 e4 30. Bxe4 dxe4 31. Rb7 exd3+ 32. Kd1 Rd8 33. Rxa7
Bxc3 34. Rxe7+ Kg8 35. Re4 Rb8 36. Kc1 d2+ 0-1

[Event "30. Torneo San Viator 2018"]
[Site "Madrid ESP"]
[Date "2018.04.15"]
[Round "2.12"]
[White "Uceda Martinez, Jacinto"]
[Black "Luque Ibanes, Manuel"]
[Result "0-1"]
[WhiteElo "1782"]
[BlackElo "1997"]
[PlyCount "104"]
[EventDate "2018.04.08"]
[EventType "swiss"]
[EventRounds "9"]
[EventCountry "ESP"]
[SourceTitle "Ajedrez en Madrid"]
[Source "lmi"]
[SourceDate "2018.04.08"]

1. d4 Nf6 2. c4 g6 3. Nf3 Bg7 4. Bg5 d6 5. Nc3 O-O 6. e3 c5 7. Be2 Qa5 8. O-O
Bg4 9. Bh4 Nc6 10. Rc1 a6 11. h3 Bxf3 12. Bxf3 cxd4 13. exd4 Qb6 14. c5 dxc5
15. dxc5 Qxb2 16. Rc2 Qb4 17. Bxf6 Bxf6 18. Nd5 Qd4 19. Qb1 Rab8 20. Rd1 Qh4
21. Nb6 Nd4 22. Rxd4 Qxd4 23. Rc4 Qd2 24. Rc2 Qd3 25. Qc1 Rfd8 26. a4 Qd4 27.
Rc4 Qa1 28. Qxa1 Bxa1 29. a5 Rd2 30. Nd5 Kf8 31. Nf4 Bd4 32. Ne2 Rd1+ 33. Kh2
Bxf2 34. Nf4 Rd4 35. Rxd4 Bxd4 36. Nd3 h5 37. Kg3 e6 38. Kf4 Ke7 39. Ke4 Bc3
40. Ke3 Bxa5 41. Kd4 Rd8+ 42. Ke3 Rd7 43. Ne5 Rc7 44. c6 b5 45. Kd3 Kd6 46. Kd4
Bb6+ 47. Ke4 f5+ 48. Kf4 g5+ 49. Kxg5 Kxe5 50. Kxh5 Kf6 51. Kh4 Bf2+ 52. g3 b4
0-1

[Event "30. Torneo San Viator 2018"]
[Site "Madrid ESP"]
[Date "2018.04.15"]
[Round "2.13"]
[White "Linares Leyva, David"]
[Black "Garcia Galeote, Lorenzo"]
[Result "1-0"]
[WhiteElo "1756"]
[BlackElo "1972"]
[PlyCount "121"]
[EventDate "2018.04.08"]
[EventType "swiss"]
[EventRounds "9"]
[EventCountry "ESP"]
[SourceTitle "Ajedrez en Madrid"]
[Source "lmi"]
[SourceDate "2018.04.08"]

1. Nf3 g6 2. c4 Bg7 3. g3 d6 4. d4 Nc6 5. Bg2 e5 6. dxe5 Nxe5 7. Nxe5 Bxe5 8.
O-O Ne7 9. Nc3 Bg7 10. c5 dxc5 11. Qxd8+ Kxd8 12. Rd1+ Bd7 13. Bxb7 Rb8 14. Bg2
Kc8 15. Ne4 Bc6 16. Rb1 c4 17. Bg5 Nf5 18. Rdc1 Bxe4 19. Bxe4 Nd6 20. Bd5 Bxb2
21. Rxc4 Nxc4 22. Bxc4 Be5 23. Rxb8+ Kxb8 24. Bxf7 Rf8 25. Bd5 Bd4 26. Bf3 Rf5
27. Bd2 Rb5 28. Bh6 Ra5 29. e3 Bf6 30. Kg2 g5 31. Be4 Rxa2 32. Bxh7 a5 33. Bf8
Rd2 34. h3 a4 35. Kf3 Bb2 36. Bb4 a3 37. Bg8 Rc2 38. h4 c5 39. Bxa3 Bxa3 40.
hxg5 Kc7 41. g4 Bb4 42. g6 Bc3 43. Bb3 Rb2 44. Bc4 Kd6 45. Kg3 Ke7 46. f4 Kf6
47. Bf7 Rc2 48. g5+ Kg7 49. Kf3 Rd2 50. e4 Rd3+ 51. Kg4 Rd7 52. Kf3 Bd4 53. e5
Rc7 54. Ke4 Re7 55. e6 Bb2 56. f5 Bf6 57. gxf6+ Kxf6 58. Kd5 Rc7 59. Kd6 c4 60.
Kxc7 c3 61. e7 1-0

[Event "30. Torneo San Viator 2018"]
[Site "Madrid ESP"]
[Date "2018.04.15"]
[Round "2.14"]
[White "Morales Martin, Javier"]
[Black "Lobato Rivero, Carlos"]
[Result "0-1"]
[WhiteElo "1747"]
[BlackElo "1968"]
[PlyCount "94"]
[EventDate "2018.04.08"]
[EventType "swiss"]
[EventRounds "9"]
[EventCountry "ESP"]
[SourceTitle "Ajedrez en Madrid"]
[Source "lmi"]
[SourceDate "2018.04.08"]

1. d4 Nf6 2. Bf4 g6 3. Nc3 d5 4. e3 c6 5. Bd3 Bg7 6. Nf3 Nbd7 7. h3 O-O 8. Ne5
Nxe5 9. Bxe5 Bh6 10. g4 Nd7 11. Bg3 e5 12. dxe5 Qb6 13. Rb1 Re8 14. g5 Bxg5 15.
h4 Bxe3 16. fxe3 Qxe3+ 17. Ne2 Nxe5 18. Bxe5 Rxe5 19. Qd2 Qg3+ 20. Kd1 Bg4 21.
Qe1 Qe3 22. Qd2 Qf3 23. Re1 Rae8 24. b4 Rxe2 25. Bxe2 Rxe2 26. Rxe2 Qf1+ 27.
Qe1 Bxe2+ 28. Kd2 Qxe1+ 29. Rxe1 Bc4 30. a4 Kf8 31. Kc3 f5 32. Kd4 Kf7 33. Ke5
Ke7 34. h5 gxh5 35. Kxf5+ Kd6 36. Re6+ Kc7 37. Rh6 Be2 38. Rxh7+ Kb6 39. Ke5
Bd1 40. a5+ Ka6 41. c3 Bf3 42. Kd6 b6 43. axb6 axb6 44. Rc7 Kb5 45. Rxc6 d4 46.
Rc7 d3 47. Rf7 d2 0-1

[Event "30. Torneo San Viator 2018"]
[Site "Madrid ESP"]
[Date "2018.04.15"]
[Round "2.15"]
[White "Fernandez Rios, Jose Francisco"]
[Black "Del Rio Perezagua, Mario"]
[Result "1-0"]
[WhiteElo "1741"]
[BlackElo "1881"]
[PlyCount "49"]
[EventDate "2018.04.08"]
[EventType "swiss"]
[EventRounds "9"]
[EventCountry "ESP"]
[SourceTitle "Ajedrez en Madrid"]
[Source "lmi"]
[SourceDate "2018.04.08"]

1. d4 Nf6 2. c4 g6 3. Nc3 Bg7 4. e4 d6 5. Nf3 O-O 6. Be2 Bg4 7. Be3 Nfd7 8. h3
Bxf3 9. Bxf3 Nc6 10. O-O e5 11. d5 Nd4 12. Be2 c5 13. Rb1 f5 14. exf5 gxf5 15.
f4 e4 16. Qd2 Kh8 17. Kh2 Rg8 18. g4 Nxe2 19. Qxe2 Bxc3 20. bxc3 fxg4 21. Bf2
Nf6 22. Bh4 b6 23. Rg1 h5 24. hxg4 hxg4 25. Kg2 1-0

[Event "30. Torneo San Viator 2018"]
[Site "Madrid ESP"]
[Date "2018.04.15"]
[Round "2.16"]
[White "Barahona Torrijos, Angel"]
[Black "Esteban Posadilla, Raul"]
[Result "0-1"]
[WhiteElo "1862"]
[BlackElo "1605"]
[PlyCount "82"]
[EventDate "2018.04.08"]
[EventType "swiss"]
[EventRounds "9"]
[EventCountry "ESP"]
[SourceTitle "Ajedrez en Madrid"]
[Source "lmi"]
[SourceDate "2018.04.08"]

1. e4 c6 2. Nc3 d5 3. Qf3 d4 4. Bc4 Nf6 5. e5 dxc3 6. exf6 cxd2+ 7. Bxd2 exf6
8. O-O-O Nd7 9. Nh3 Be7 10. Bxf7+ Kxf7 11. Qb3+ Kf8 12. Nf4 Nc5 13. Qf3 g5 14.
Nh5 Qd5 15. Qxd5 cxd5 16. Bc3 Ne4 17. Bd4 Bg4 18. Nxf6 Nxf6 19. f3 Be6 20. h4
g4 21. fxg4 Bxg4 22. Rdf1 Kg7 23. Rf4 h5 24. Re1 Rae8 25. Re5 Rhf8 26. Rxd5 Kh6
27. Rg5 Bd8 28. Be5 Rxe5 29. Rxe5 Bc7 30. Rxg4 Bxe5 31. Rb4 b6 32. a4 Nd7 33.
a5 Rf1+ 34. Kd2 Rf2+ 35. Ke3 Rxg2 36. axb6 axb6 37. c3 Rg3+ 38. Ke4 Rg4+ 39.
Kd5 Rxb4 40. cxb4 Bxb2 41. Kc6 Ne5+ 0-1

[Event "30. Torneo San Viator 2018"]
[Site "Madrid ESP"]
[Date "2018.04.15"]
[Round "2.17"]
[White "Muñoz Cebey, Ricardo"]
[Black "Ramos Del Campo, Alexander"]
[Result "0-1"]
[WhiteElo "1793"]
[BlackElo "2176"]
[PlyCount "100"]
[EventDate "2018.04.08"]
[EventType "swiss"]
[EventRounds "9"]
[EventCountry "ESP"]
[SourceTitle "Ajedrez en Madrid"]
[Source "lmi"]
[SourceDate "2018.04.08"]

1. c4 c5 2. Nf3 Nc6 3. g3 g6 4. Bg2 Bg7 5. Nc3 e6 6. O-O Nge7 7. d3 O-O 8. Bd2
d5 9. cxd5 exd5 10. Rc1 b6 11. a3 h6 12. Qc2 Be6 13. e3 Rc8 14. Qb1 Nf5 15. Ne2
d4 16. exd4 Nfxd4 17. Nexd4 Nxd4 18. Nxd4 Qxd4 19. Bc3 Qd6 20. Bxg7 Kxg7 21.
Rfd1 Bb3 22. Re1 a5 23. Re3 Be6 24. Qc2 Rcd8 25. Rce1 Rd7 26. Be4 Rfd8 27. Qc3+
Qd4 28. Rc1 Rd6 29. Bb7 Qxc3 30. Rxc3 Rb8 31. Bg2 Rbd8 32. Bf1 Rd4 33. Be2 h5
34. h4 R8d7 35. Kg2 Kf6 36. Rf3+ Ke7 37. Re3 Kd6 38. Bf3 Kc7 39. Kf1 Bd5 40.
Bxd5 R4xd5 41. Ke2 Kb7 42. Rc4 b5 43. Rce4 Kc7 44. b3 Kb6 45. Re7 Rxd3 46. Re8
Rxe3+ 47. Kxe3 c4 48. Rb8+ Kc6 49. Rc8+ Kb7 50. Rc5 Rd3+ 0-1

[Event "30. Torneo San Viator 2018"]
[Site "Madrid ESP"]
[Date "2018.04.15"]
[Round "2.18"]
[White "Robles Diaz, Jose Alberto"]
[Black "Mihalcea, George Andrei"]
[Result "1-0"]
[WhiteElo "2086"]
[BlackElo "1791"]
[PlyCount "57"]
[EventDate "2018.04.08"]
[EventType "swiss"]
[EventRounds "9"]
[EventCountry "ESP"]
[SourceTitle "Ajedrez en Madrid"]
[Source "lmi"]
[SourceDate "2018.04.08"]

1. c4 e6 2. Nf3 d5 3. g3 c6 4. Bg2 h5 5. d4 Be7 6. h4 Nf6 7. Nc3 Nbd7 8. O-O b6
9. e4 dxc4 10. d5 cxd5 11. exd5 Nc5 12. Ne5 exd5 13. Nc6 Qd7 14. Nxd5 Nxd5 15.
Bxd5 Bb7 16. Bxf7+ Kf8 17. Bd5 Bf6 18. Bg5 Bxc6 19. Bxc6 Qxc6 20. Bxf6 gxf6 21.
Rc1 Nd7 22. Qd4 Ne5 23. f4 Ng4 24. Rxc4 Qe6 25. Rc7 Re8 26. Rd1 Qe2 27. Qb4+
Kg8 28. Qb3+ Kf8 29. Qf7# 1-0